Normal view MARC view
  • RAJA, SAMEER INAYAT

Entry Personal Name

Number of records used in: 1

001 - CONTROL NUMBER

  • control field: 131565

003 - CONTROL NUMBER IDENTIFIER

  • control field: NUST

005 - DATE AND TIME OF LATEST TRANSACTION

  • control field: 20251027115343.0

008 - FIXED-LENGTH DATA ELEMENTS

  • fixed length control field: 251027|| aca||aabn | a|a d

040 ## - CATALOGING SOURCE

  • Original cataloging agency: NUST
  • Transcribing agency: NUST

100 ## - HEADING--PERSONAL NAME

  • Personal name: RAJA, SAMEER INAYAT

670 ## - SOURCE DATA FOUND

  • Source citation: Work cat.: (NUST): RAJA, SAMEER INAYAT, INTERNATIONAL STUDY TRIP UNIVERSITY OF ALTINBAS & TURKISH AEROSPACE INDUSTRIES, TURKEY/
© 2023 Central Library, National University of Sciences and Technology. All Rights Reserved.